国際会議観光都市に認定された自治体 - Statistics

General Stats
  • This quiz has been taken 251 times
    16 since last reset
  • The average score is 36 of 64
Answer Stats
地方 自治体名 備考 % Correct
北海道・東北 札幌市
92%
北海道・東北 青森市
92%
北海道・東北 旭川市
75%
北海道・東北 仙台市
75%
関東 つくば市 つくば地区
75%
関東 横浜市
75%
近畿 京都市
75%
中国・四国 広島市
75%
北海道・東北 盛岡市
67%
北海道・東北 秋田市
67%
北海道・東北 山形市
67%
北海道・東北 福島市
67%
関東 さいたま市
67%
関東 千葉市
67%
中部 新潟市
67%
近畿 大阪市
67%
北海道・東北 釧路市
58%
北海道・東北 鶴岡市
58%
関東 土浦市 つくば地区
58%
関東 成田市
58%
中部 富山市
58%
中部 金沢市
58%
中部 福井市
58%
中部 長野市
58%
中部 松本市
58%
中部 岐阜市
58%
中部 静岡市
58%
中部 浜松市
58%
中部 名古屋市
58%
近畿 伊勢市 伊勢志摩地区
58%
近畿 志摩市 伊勢志摩地区
58%
近畿 神戸市
58%
中国・四国 岡山市
58%
中国・四国 高松市
58%
中国・四国 松山市
58%
九州・沖縄 北九州市
58%
九州・沖縄 福岡市
58%
九州・沖縄 長崎市
58%
九州・沖縄 熊本市
58%
九州・沖縄 別府市
58%
九州・沖縄 宮崎市
58%
九州・沖縄 鹿児島市
58%
九州・沖縄 那覇市 沖縄地区
58%
九州・沖縄 沖縄市 沖縄地区
58%
関東 前橋市
50%
中部 高山市
50%
近畿 鳥羽市 伊勢志摩地区
50%
近畿 姫路市
50%
近畿 奈良市
50%
中国・四国 松江市
50%
中国・四国 福山市
50%
中国・四国 下関市
50%
中国・四国 徳島市
50%
九州・沖縄 浦添市 沖縄地区
50%
関東 木更津市
42%
中部 富士吉田市
42%
中部 上田市
42%
九州・沖縄 宜野湾市 沖縄地区
42%
関東 浦安市
33%
近畿 南伊勢町 伊勢志摩地区
33%
関東 箱根町
25%
中部 犬山市
25%
近畿 玉城町 伊勢志摩地区
25%
近畿 度会町 伊勢志摩地区
17%
No matching quizzes found
Score Distribution
Percent of People with Each Score
Percentile by Number Answered
Your Score History
You have not taken this quiz since the last reset